Normal view
MARC view
- Supervisor : Dr. Mushtaq Khan
Entry Personal Name
001 - CONTROL NUMBER
- control field: 119879
003 - CONTROL NUMBER IDENTIFIER
- control field: NUST
005 - DATE AND TIME OF LATEST TRANSACTION
- control field: 20240116113617.0
008 - FIXED-LENGTH DATA ELEMENTS
- fixed length control field: 240116|| aca||aabn | a|a d
040 ## - CATALOGING SOURCE
- Original cataloging agency: NUST
- Transcribing agency: NUST
100 ## - HEADING--PERSONAL NAME
- Personal name: Supervisor : Dr. Mushtaq Khan
670 ## - SOURCE DATA FOUND
- Source citation: Work cat.: (NUST): Digital Manufacturing of Patterns for Casting through Rapid Prototyping (RP) Technologies /
